GETS Theological Seminary Library

David: (Record no. 878)

MARC details
000 -LEADER
fixed length control field 00734nam a2200217Ia 4500
008 - FIXED-LENGTH DATA ELEMENTS--GENERAL INFORMATION
fixed length control field 200731s9999 xx 000 0 und d
020 ## - INTERNATIONAL STANDARD BOOK NUMBER
International Standard Book Number 1579720021
020 ## - INTERNATIONAL STANDARD BOOK NUMBER
International Standard Book Number 9781579720025
041 ## - LANGUAGE CODE
Language code of text/sound track or separate title eng
050 ## - LIBRARY OF CONGRESS CALL NUMBER
Classification number BS580.D3
Item number .S95 1997
100 ## - MAIN ENTRY--PERSONAL NAME
Personal name Swindoll, Charles R.
245 ## - TITLE STATEMENT
Title David:
Remainder of title a man of passion & destiny : Bible study guide /
Statement of responsibility, etc. Charles R. Swindoll, Bryce Klabunde, Bryce A. Klabunde
260 ## - PUBLICATION, DISTRIBUTION, ETC.
Place of publication, distribution, etc. Anaheim, CA :
Name of publisher, distributor, etc. Insight for Living [publisher] ; Dallas : Word Pub. [distributor],
Date of publication, distribution, etc. 1997
300 ## - PHYSICAL DESCRIPTION
Extent 208 p.
Other physical details ;
Dimensions 22 cm.
650 ## - SUBJECT ADDED ENTRY--TOPICAL TERM
Topical term or geographic name entry element Bible. Old Testament Biography.
650 ## - SUBJECT ADDED ENTRY--TOPICAL TERM
Topical term or geographic name entry element Bible. Old Testament.
650 ## - SUBJECT ADDED ENTRY--TOPICAL TERM
Topical term or geographic name entry element David, King of Israel.
700 ## - ADDED ENTRY--PERSONAL NAME
Personal name Klabunde, Bryce
700 ## - ADDED ENTRY--PERSONAL NAME
Personal name Klabunde, Bryce A.
Holdings
Withdrawn status Lost status Damaged status Not for loan Home library Current library Shelving location Date acquired Total Checkouts Full call number Barcode Date last seen Price effective from Koha item type
        GETS Theological Seminary Library GETS Theological Seminary Library General Stacks 07/12/2020   BS580.D3 .S95 1997 00000832 07/12/2020 07/12/2020 English Books
OpacCredits

Contact the Librarian, GETS Library
Email: library@mygets.org









Implemented by GETS Library
(Powered by ETCA Professional Group)
GETS Theological Seminary
412 E. Rowland Street, CA 91723